000 00358nam a2200145 a 4500
005 20140414131924.0
008 101026s19uu xx 00 eng d
050 _aER
_bD61 2003
100 _aTurnbull, Stephanie
245 _aDinosaurs.
260 _aNew York :
_bScholastic ,
_c2003.
440 _aUsborne Beginners
999 _c111916
_d111916